Normal view
MARC view
- اعداد خبراء مركز الخبرات المهنية للادارة بميك؛ مستشار علمي عبدالرحمن توفيق
Entry Personal Name
001 - CONTROL NUMBER
- control field: 44117
003 - CONTROL NUMBER IDENTIFIER
- control field: JO-AjAnu
005 - DATE AND TIME OF LATEST TRANSACTION
- control field: 20230606081316.0
008 - FIXED-LENGTH DATA ELEMENTS
- fixed length control field: 230606|| aca||aabn | a|a d
040 ## - CATALOGING SOURCE
- Original cataloging agency: JO-AjAnu
- Transcribing agency: JO-AjAnu
100 ## - HEADING--PERSONAL NAME
- Personal name: اعداد خبراء مركز الخبرات المهنية للادارة بميك؛ مستشار علمي عبدالرحمن توفيق
670 ## - SOURCE DATA FOUND
- Source citation: Work cat.: (JO-AjAnu)22590: اعداد خبراء مركز الخبرات المهنية للادارة بميك؛ مستشار علمي عبدالرحمن توفيق, author, الريادة والتفوق في الخدمة=Leadership & Excellence in Service